[Event "Belgrade Trophy 28th"]
[Site "Belgrade"]
[Date "2014.11.29"]
[Round "6"]
[White "Stojanovic, Dalibor"]
[Black "Atalik, Suat"]
[Result "1/2-1/2"]
[WhiteElo "2504"]
[BlackElo "2551"]
[Annotator "Atalik,S"]
[PlyCount "29"]
[EventDate "2014.11.24"]
[EventType "swiss"]
[EventRounds "9"]
[EventCountry "SRB"]
[SourceTitle "CBM 164"]
[Source "ChessBase"]
[SourceDate "2015.01.15"]
[SourceVersion "1"]
[SourceVersionDate "2015.01.15"]
[SourceQuality "1"]

1. e4 e5 2. Nf3 Nf6 3. d4 Nxe4 4. Bd3 d5 5. Nxe5 Nd7 6. Nxd7 Bxd7 7. O-O Qh4 $5
(7... Qf6 {More than 25 years ago I lost to GM Kotronias with this move.} 8.
Bxe4 (8. Qh5 Qxd4 9. Nc3 {is a sister line.}) (8. Nc3 Qxd4 9. Qh5 O-O-O 10.
Qxf7 Nf6 $13) 8... dxe4 9. Nc3 O-O-O 10. Nxe4 Qg6 11. f3 {and it is not clear
to me if Black has enough compensation for the pawn.}) (7... Bd6 $142 {is
theoretically the best move in this line.}) 8. Nc3 (8. c4 O-O-O 9. c5 g6 $1 10.
Nc3 (10. Be3 Bg7 11. Nd2 (11. f3 Ng5 $1) 11... f5 $13) 10... Bg7 11. g3 (11.
Be3 Nxc5 $1 12. g3 Qe7 $1 13. dxc5 d4 14. Nd5 Qe5 $1 15. c6 Bxc6 16. Nb4 dxe3
17. Nxc6 e2 $1 18. Nxa7+ Kb8 19. Nc6+ Kc8 20. Qxe2 Qxe2 21. Bxe2 bxc6 $11 {
was part of my preparation.}) (11. Ne2 Rhe8 12. Be3 Bh6 $5 $132) 11... Qf6 12.
Be3 Ng5 13. f4 Nh3+ 14. Kg2 Rde8 15. Qd2 h5 16. c6 bxc6 17. Na4 Bf5 18. Nc5 Bf8
$13) (8. g3 Qf6 9. Bxe4 (9. Nc3 Qxd4 10. Nxe4 dxe4 11. Bxe4 Qxd1 12. Rxd1 O-O-O
$11) 9... dxe4 10. Nc3 O-O-O 11. Nxe4 Qg6 $44 {Now with the weakness on the
a8-h1 diagonal the position becomes more playable for Black.}) 8... Nxc3 9.
bxc3 Bd6 $5 (9... O-O-O 10. Qf3 Be6 11. Bf4 Bd6 12. Bxd6 Rxd6 $14) 10. Re1+ Kd8
{Possibly the correct side, once chosen by Karpov as well.} (10... Be6 $6 11.
g3 Qh3 12. Bf1 Qf5 13. Rb1 (13. Bd3 Qh3 14. Bf1 Qf5 {turns ot to be another
short game of mine in this opening: Guseinov-Atalik, Kocaeli 2008.}) 13...
O-O-O 14. Qe2 c6 15. Rxb7 $3 Kxb7 16. Qa6+ Kb8 17. Bg5 $3 Qxc2 18. Qxc6 Bc7 19.
Qb5+ Bb6 20. a4 Qxc3 21. Rc1 Bd7 22. Qxd5 Bc6 23. Qxd8+ Bxd8 24. Bf4+ Kb7 25.
Rxc3 Bb6 $44 {is supposed to be dangerous.}) (10... Kf8 11. g3 Qg4 12. Be2 Qf5
13. c4 dxc4 14. Bxc4 h5 15. h4 $13) 11. g3 Qg4 12. Be2 Qf5 {Now the game
merged into Kamsky-Karpov, Elista (m/6) 1996.} 13. Bd3 (13. Rb1 b6 14. c4 dxc4
15. Bxc4 Re8 16. Be3 (16. Rxe8+ Kxe8 $11) 16... Ke7 $5 $13 {shows the
superiority of Kd8 over Kf8.}) 13... Qg4 14. Be2 Qf5 15. Bd3 1/2-1/2

[Event "Moscow"]
[Site "Moscow"]
[Date "1981.04.??"]
[Round "8"]
[White "Geller, Efim P"]
[Black "Smejkal, Jan"]
[Result "1/2-1/2"]
[WhiteElo "2615"]
[BlackElo "2535"]
[Annotator "Belov,I"]
[PlyCount "131"]
[EventDate "1981.04.08"]
[EventType "tourn"]
[EventRounds "13"]
[EventCountry "URS"]
[EventCategory "15"]
[SourceTitle "MCL"]
[Source "ChessBase"]
[SourceDate "1999.07.01"]
[SourceVersion "1"]
[SourceVersionDate "1999.07.01"]
[SourceQuality "1"]

1. e4 e5 2. Nf3 Nf6 3. d4 Nxe4 4. Bd3 d5 5. Nxe5 Nd7 6. O-O (6. Nxd7) (6. Nc3
Nxe5 7. dxe5 Nxc3 $1 8. bxc3 Bc5 9. O-O c6 10. Kh1 Qh4 11. Rb1 O-O 12. Qe2 Re8
$10 {Nevednichy,V-Schwartzman,G/Odorheiu Secuiesc/1993/1:0 (36) Inf 58/340/})
6... Nxe5 7. dxe5 Nc5 (7... Be7 $6 8. Bxe4 dxe4 9. Qxd8+ Bxd8 10. Nc3 Bf5 11.
Re1 $16) 8. Nc3 $1 {/\ Nd5!/} c6 9. Qf3 (9. Re1 $5 Be7 10. Qh5 $14) 9... Qh4 (
9... Be7 $6 10. Qg3 Kf8 11. f4 $16) 10. h3 Be7 11. Re1 (11. Bf4 $5) 11... Nxd3
12. cxd3 O-O 13. Bf4 Re8 (13... Bf5 $5 14. d4 f6 $13) 14. a3 Bf8 15. d4 g5 $5 (
15... Be6 $14) 16. Be3 {>< d4/} Re6 17. Ne2 Rg6 18. Qg3 (18. Ng3 $2 g4 19. hxg4
Bxg4 20. Qf4 Bh6 $19) 18... Qe4 (18... Qxg3 19. Nxg3 Be6 20. Nh5 $16) 19. Rac1
{/\ 20.Nc3 Qd3 21.Red1/} h5 $5 20. Bxg5 (20. Nc3 Qf5 21. f3 $5 h4 (21... g4 22.
fxg4 hxg4 23. h4 $16) 22. Qf2 $14) 20... Be7 21. h4 Bxg5 22. hxg5 h4 23. Qf4
Qxf4 24. Nxf4 Rxg5 25. Kh2 (25. f3 $6 h3 26. Kf2 $1 (26. g4 $2 Bxg4 $1 $17)
26... hxg2 27. Rg1 Bf5 28. Nxg2 $14) 25... Rg4 26. Ne2 Bf5 (26... Re4 $6 27.
Rc3 {/\ f3/}) 27. f3 Rg5 28. Nf4 $16 Kf8 29. e6 $6 (29. b4 $142 a6 30. a4 $16)
29... f6 $1 (29... fxe6 $2 30. Rxe6 Kf7 31. Rh6 $18) 30. b4 a6 31. a4 Ke7 32.
Rc3 (32. b5 axb5 33. axb5 Kd6 $13) 32... Kd6 33. a5 (33. b5 axb5 34. axb5 $14)
33... Re8 34. Rce3 Re7 35. R1e2 Rg8 (35... Kc7 $142 $10) 36. Nh5 Rf8 37. Nf4
Rfe8 38. Kg1 $1 Rg8 (38... Bxe6 $2 39. Ng6 Rg7 (39... Rh7 $2 40. Rxe6+ $1 Rxe6
41. Rxe6+ Kxe6 42. Nf8+ $18) 40. Nxh4 $16) 39. Kf2 Rge8 40. Re1 Rh8 41. Rh1 $14
Rhh7 42. Rh2 Re8 43. Re1 Reh8 (43... Bxe6 44. Reh1 Reh8 45. Ng6 $16) 44. Reh1
Ke7 45. Kg1 Kd6 46. Kf2 Ke7 47. Kg1 Kd6 48. g3 $5 hxg3 49. Rxh7 Rxh7 50. Rxh7
Bxh7 51. Kg2 Ke7 (51... Bf5 52. Kxg3 Bxe6 53. Nd3 {/\ Nc5+/=/}) 52. Kxg3 Bb1
53. Kh4 Bc2 54. Kg4 (54. Nh5 Bd1) 54... Bb1 55. Kh5 Bc2 56. Kh4 Bb1 57. Kh3 Bc2
58. Kg2 Bf5 59. Kg3 Bb1 60. Kf2 Bc2 61. Ke2 Bf5 62. Ke3 Bc2 63. Kd2 Bf5 64. Ke3
Bc2 65. Kf2 Bf5 66. Kg3 1/2-1/2

[Event "Moscow"]
[Site "Moscow"]
[Date "1981.04.??"]
[Round "4"]
[White "Geller, Efim P"]
[Black "Smyslov, Vassily V"]
[Result "1/2-1/2"]
[WhiteElo "2615"]
[BlackElo "2545"]
[Annotator "Belov,I"]
[PlyCount "101"]
[EventDate "1981.04.08"]
[EventType "tourn"]
[EventRounds "13"]
[EventCountry "URS"]
[EventCategory "15"]
[SourceTitle "MCL"]
[Source "ChessBase"]
[SourceDate "1999.07.01"]
[SourceVersion "1"]
[SourceVersionDate "1999.07.01"]
[SourceQuality "1"]

1. e4 e5 2. Nf3 Nf6 3. d4 Nxe4 4. Bd3 d5 5. Nxe5 Nd7 6. Nxd7 Bxd7 7. O-O Nf6 (
7... Qh4 8. c4 O-O-O 9. c5 g5 10. Be3 (10. Nc3 Bg7 11. g3 Qh3 12. Nxe4 dxe4 13.
Bxe4 Bb5 14. Bg2 Qf5 15. Be3 $1 Bxf1 16. Bxf1 $1 $44 {Anand,V-Ivanchuk,V/
Linares/1993/1:0 (28) Inf 57/312/}) 10... Re8 11. Nd2 $1 Bg7 12. Nf3 Qh5 13.
Nxg5 Qxd1 14. Rfxd1 Nxg5 15. Bxg5 Bg4 $1 16. Rd2 $14 {Kasparov,G-Ivanchuk,V/
Debrecen/1992/1:0 (50) Inf 56/335/}) (7... Bd6 8. c4 c6 9. cxd5 cxd5 10. Qh5
O-O 11. Qxd5 Bc6 12. Qh5 g6 13. Qh3 Rc8 14. Bxe4 $14 {Timman,J-Yusupov,A/
Linares/1993/1:0 (37) Inf 57/311/}) (7... Be7 $5 8. Qf3 $6 (8. c4 $5) (8. Re1 {
Timman/}) 8... O-O 9. c3 Bd6 10. Nd2 f5 $15 {Timman,J-Yusupov,A/Linares(m/4)/
1992/1:0 (31) Inf 54/283/}) (7... Qf6 8. Bxe4 dxe4 9. Nc3 O-O-O 10. Nxe4 Qg6
11. f3 h5 $5 12. Bf4 h4 13. Qd3 h3 14. g4 Qb6 15. a4 $14 {Ivanov,Alexa-Kochyev,
A/Kostroma/1985/1:0 (42) Inf 40/387/}) 8. Bg5 Be7 9. c3 (9. Bxf6 $5 Bxf6 10.
Re1+ Kf8 (10... Be7 11. Qh5 c6 12. Nd2 $14) 11. c3 g6 12. Nd2 Kg7 $10) 9... c6
(9... O-O $6 10. Bxf6 Bxf6 11. Qh5 $16) 10. Nd2 O-O 11. Qc2 $14 h6 12. Bh4 Nh5
(12... Re8 13. Nf3 Nh5 14. Bxe7 Rxe7 15. Ne5 $14) 13. Bxe7 Qxe7 14. Rfe1 Qd6
15. Nf3 Nf4 (15... Rae8 16. Ne5 Nf4) 16. Bh7+ $1 Kh8 17. Bf5 Bxf5 (17... Rae8
18. Ne5 $1 Be6 19. g3 Nh5 $16) 18. Qxf5 g6 (18... Ng6 19. Re3 Rae8 20. Rae1 $16
) 19. Qe5+ $5 Qxe5 20. Nxe5 f6 (20... Kg7 $5 21. Re3 Rfe8 22. Rae1 Re6 $14) 21.
Nd7 Rf7 22. Nc5 b6 23. Na6 $1 $16 Nd3 (23... Kg7 24. Re3 $16 {/\ g3/}) 24. Re6
(24. Re2 c5 $1 25. Rd1 c4 $13) 24... Nxb2 25. Rxc6 Re8 $5 (25... Kg7 26. Re1
Nc4 27. Nc7 $1 $16) 26. Nb4 Rd7 27. Rxf6 Kg7 28. Rf3 $6 (28. Rc6 $142 a5 29.
Nc2 $16 {/\ Ne3/}) 28... a5 29. Nd3 (29. Nc2 $5) 29... Nxd3 30. Rxd3 Re2 31.
Re3 Rc2 $14 32. h4 Rf7 33. f3 Rc7 34. Rb1 Rc6 35. Rb5 R2xc3 36. Rxc3 Rxc3 37.
Rxb6 Ra3 38. Rb5 Rxa2 39. Rxd5 a4 40. Ra5 Kf6 $1 41. Kh2 a3 42. Ra6+ Kf5 43.
Kg3 (43. h5 $5 gxh5 44. Rxh6 Kg5 45. Ra6 Ra1 46. Kg3 $16) 43... Ra1 44. Ra5+ (
44. h5 gxh5 45. Rxh6 Kg5 46. Ra6 h4+ $10) 44... Kf6 45. Kf4 a2 $10 46. Ra6+ Ke7
47. h5 gxh5 48. Kf5 h4 $1 49. f4 Kd7 50. d5 Kc7 51. Rc6+ (51. Rc6+ Kd7 52. Ra6
Kc7 53. Kf6 Rf1 $10) 1/2-1/2

[Event "Moscow2"]
[Site "Moscow"]
[Date "1995.??.??"]
[Round "?"]
[White "Sveshnikov, Evgeny"]
[Black "Kholmov, Ratmir D"]
[Result "1-0"]
[WhiteElo "2560"]
[BlackElo "2445"]
[Annotator "Blatny,P"]
[PlyCount "61"]
[EventDate "1995.04.??"]
[EventType "tourn"]
[EventRounds "9"]
[EventCountry "RUS"]
[EventCategory "11"]
[SourceTitle "CBM 047"]
[Source "ChessBase"]
[SourceDate "1995.08.01"]
[SourceVersion "1"]
[SourceVersionDate "1995.08.01"]
[SourceQuality "1"]

1. e4 {Ernst} e5 2. Nf3 Nf6 3. d4 exd4 4. e5 Ne4 5. Qxd4 (5. Bb5 c6 6. Qxd4
Qa5+ 7. c3 Nxf2 8. Bc4 Nxh1 9. Ng5 {Keres}) (5. Qe2 Nc5 6. Nxd4 Nc6 7. Be3 Nxd4
8. Bxd4 Ne6 9. Bc3 d5 10. exd6 Qxd6 11. Nd2 $14) 5... d5 6. exd6 Nxd6 7. Nc3 (
7. Bd3 Nc6 8. Qf4 g6 9. O-O Bg7 10. Re1+ Be6 11. Qa4 O-O $10) 7... Nc6 8. Qf4
g6 (8... Bf5 9. Bb5 Qe7+ 10. Be3 Nxb5 11. Nxb5 Qb4+ 12. Qxb4 Bxb4+ 13. c3 Bd6 (
13... Ba5 14. b4 Bd3 15. a4 a6 16. Nbd4 $16 {Parma-Trifunovic/Amsterdam/1965/})
14. Nxd6+ cxd6 15. O-O-O $14 {Matulovic-Kholmov/Sochi/1968/}) 9. Be3 (9. Bd3
Bg7 10. Be3 Be6 11. O-O-O Qf6 12. Qxf6 Bxf6 13. Ng5 O-O-O 14. Nxe6 fxe6 15.
Rhe1 $14 {Tal-Rosetto/Amsterdam/1964/}) (9. Nd4 Bg7 10. Nxc6 bxc6 11. Be2 O-O
12. O-O Bf5 13. Qa4 $14 {Maslov-Mikenas/Vilnius/1959/}) (9. Bb5 Bg7 10. Bxc6+
bxc6 11. O-O O-O 12. Be3 a5 13. Bd4 $14 {Bronstein}) 9... Bg7 10. O-O-O O-O {
[#]} (10... Be6 $6 {Ernst} 11. Ne4 O-O 12. Nxd6 cxd6 13. Rxd6 Qa5 14. a3 $16 {
Forni-Satori/corr/1989}) 11. h4 (11. Bb5 {Ernst}) 11... Be6 (11... Qf6 $5 {
/\Bd7,Rad8,Rae8}) (11... h6 {Ernst} 12. Nb5 (12. Nd5 $5 {/\ 13.Nxc7})) 12. Ng5
Qf6 13. Qxf6 Bxf6 14. Nxe6 fxe6 {[#]} 15. Nb5 Nxb5 16. Bxb5 Rfd8 (16... Ne5 $16
{^^+קe6}) 17. Bxc6 bxc6 {+/=/+/- _|_ [#]} 18. g3 a6 19. Rxd8+ Rxd8 20. c3 {
/\Kc2-b3-c4} Kf7 21. Kc2 h5 22. Re1 Rd5 23. Bf4 e5 24. Bd2 Ke6 25. Re4 {
/\Ra4-a5,קa6,Pc6} Rd8 26. Ra4 Ra8 27. Be3 Be7 28. Ra5 e4 29. b4 Bd6 (29... c5
30. b5 $18) 30. a4 Kd7 31. b5 {[#]} (31. b5 cxb5 32. axb5 $18 {<->a}) 1-0

[Event "Ubeda"]
[Site "Ubeda"]
[Date "1997.02.12"]
[Round "4"]
[White "Leko, Peter"]
[Black "Timman, Jan H"]
[Result "1-0"]
[WhiteElo "2600"]
[BlackElo "2630"]
[Annotator "Blatny,P"]
[PlyCount "69"]
[EventDate "1997.02.07"]
[EventType "tourn"]
[EventRounds "11"]
[EventCountry "ESP"]
[EventCategory "16"]
[SourceTitle "CBM 058"]
[Source "ChessBase"]
[SourceDate "1997.06.01"]
[SourceVersion "1"]
[SourceVersionDate "1997.06.01"]
[SourceQuality "1"]

1. e4 {Hecht} e5 2. Nf3 Nf6 3. d4 Nxe4 4. Bd3 Nc6 5. Nxe5 (5. Bxe4 d5 6. Nxe5 (
6. Bg5 Qd7 (6... Be7 7. Bxe7 Nxe7 8. Bxd5 Qxd5 9. dxe5 $14) 7. Nc3 (7. Bxd5
Qxd5 8. Nc3 Bb4 $10) (7. Nxe5 Nxe5 8. dxe5 dxe4 9. O-O Be7 $10) 7... dxe4 8.
Nxe5 $13 {1-0 Rojo,G-Barez,H/Madrid-B 1994 (39)}) (6. Bd3 e4 7. Bg5 f6 8. Be3
exd3 9. Qxd3 Nb4 10. Qb3 Bf5 11. Na3 a5 12. O-O a4 13. Qc3 Nc6 14. Bf4 Bb4 15.
Qe3+ $36 {Leko,P-Zarnicki,P/Buenos Aires m rapid 1994/1/2-1/2 (80)}) (6. Bxh7
Rxh7 7. dxe5 Bg4 8. Bf4 Qd7 9. Nbd2 Qf5 10. Bg3 O-O-O 11. O-O Bc5 12. Re1 $11 {
0-1 Sveshnikov,E-Pavasovic,D/Nova Gorica 1996 (37)}) 6... dxe4 7. Nxc6 bxc6 8.
O-O Bd6 9. Re1 O-O 10. Nd2 $11 {1-0 Hracek,Z-Barua,D/Moscow olm CZE-IND 1994 
(32)}) (5. d5 Nc5 (5... Nf6 $5 6. dxc6 e4 7. cxb7 Bxb7 8. Be2 exf3 9. Bxf3 Bxf3
10. Qxf3 d5 11. O-O Be7 12. Nc3 O-O 13. Bg5 c6 $14) 6. dxc6 (6. Be2 e4 $1) 6...
e4 7. cxb7 Bxb7 8. Be2 exf3 9. Bxf3 Qe7+ (9... d5 10. O-O Be7 11. Be3 O-O 12.
c4 $16) 10. Be3 Bxf3 11. Qxf3 Qe4 12. Qxe4+ (12. Nd2 Qxf3 13. Nxf3 Ne6 (13...
d5 14. O-O-O c6 15. Rhe1 Ne6 16. Ne5 $16) 14. O-O-O Bc5 15. Bxc5 Nxc5 16. Rhe1+
Ne6 17. Re3 (17. Ne5 $6 d6 18. Nc6 Kd7 $14) 17... d6 18. Rd5 (18. Ng5 $2 O-O $1
19. Nxe6 fxe6 20. Rxe6 Rxf2 $10) 18... Ke7 (18... Kd7 19. Ra3 Rhb8 20. Ne5+ $16
) (18... O-O $5 19. g3 Rfb8 20. Ra3) 19. Ra5 Rhb8 20. Nd4 Rb7 (20... Rb6 21. f4
Kf6 22. Rf5+ Ke7 23. Rh5 $16) (20... Kd7 21. Nxe6 fxe6 22. Rg3 g6 23. Rh3 Rh8
24. Rha3 $16) 21. Nxe6 fxe6 22. Rea3 e5 23. f3 $16 {1-0 Dolmatov,S-Howell,J/
Calcutta op 1996 (34)}) 12... Nxe4 13. O-O a6 14. Re1 O-O-O 15. f3 Nc5 16. Nc3
Ne6 17. Nd5 Bd6 18. c4 Be5 19. f4 Bd4 20. f5 Bxe3+ 21. Rxe3 Nd4 22. Ne7+ Kb7
23. c5 Rhe8 24. Rae1 Nb5 25. Nc6 {1-0 Jansa,V-Jose Queralto,D/Andorra 1996}) (
5. O-O d5 6. c4 Nxd4 $1 $10) 5... Nxe5 (5... Nc5 6. O-O Nxd3 7. Qxd3 Be7 8. Re1
O-O 9. Bf4 Bf6 $11 {1/2-1/2 Krakops,M-Pavasovic,D/WchJM-U20 Halle 1995 (15)})
6. dxe5 d5 (6... Nc5 7. O-O d6 8. Bf4 dxe5 9. Bxe5 Nxd3 10. cxd3 Be6 11. Re1
Bd6 12. Bxg7 Rg8 13. Qh5 $40 {1-0 Krakops,M-Oral,T/Berliner Sommer 1995 (31)})
7. Bxe4 dxe4 8. Qxd8+ Kxd8 9. Nc3 Bf5 (9... Bb4 10. Bd2 Re8 11. Bg5+ Be7 12.
O-O-O+ $16 {1/2-1/2 Vagner,M-Brazina,D/Moravia-ch op 1994 (35)}) 10. Be3 (10.
Bg5+ Kc8 11. O-O-O Bc5 12. Rhf1 h6 13. Be3 Bxe3+ 14. fxe3 Be6 15. Nxe4 $14 {
1-0 Bezgodov,A-Appleberry,M/Budapest FS06 GM 1996 (27)}) 10... Kc8 11. O-O-O b6
{/\K} 12. Rd4 Bc5 13. Rc4 Bxe3+ 14. fxe3 Kb7 15. Rf1 Bg6 16. Nd5 Rhd8 17. Ne7
Rd7 18. Nxg6 fxg6 $6 (18... hxg6 $142) 19. Rxe4 Re7 20. e6 Rae8 21. Rf7 Rxe6 (
21... Kc6 $1 {/\[+]K}) 22. Rxe6 Rxe6 {[#] Hecht Schwarz verteidigt sich nicht
passiv bei einem Minusbauern, sondern sucht seine Chance im Abraämen des
weißen Damenflügels. Doch die weißen verbundenen Freibauern am Königsflügel
sind deutlich schneller.} 23. Rxg7 Rxe3 (23... h6 24. Kd2 a6 25. Rf7 Kc6 26. h3
Kd6 27. Kd3 $16) 24. Kd2 Re5 25. Rxh7 Rd5+ 26. Ke3 Re5+ (26... Rg5 27. g3 (27.
Kf3 Rf5+ 28. Kg3 Rg5+ 29. Kf2 $14) 27... Re5+ 28. Kd3 Rd5+ $16) 27. Kf2 Rf5+
28. Kg1 (28. Ke3 Re5+ 29. Kf3 Rb5 30. b3 Ra5 $14) (28. Kg3 Rb5 29. b3 Ra5 30.
a4 Rg5+ 31. Kf3 Re5 $16) 28... Rd5 29. h4 Rd2 30. Rg7 Rxc2 (30... Rd6 {Hecht}
31. Kh2 $18 {[%cal Yh2h3,Yh3g4,Yg4g5]}) 31. Rxg6 Rxb2 32. h5 Rd2 (32... Rxa2 {
Hecht} 33. h6 Rd2 34. h7 Rd8 35. Rg8 $18) 33. h6 Rd8 34. h7 Rh8 35. Rg7 1-0

[Event "Tel Aviv int"]
[Site "Tel Aviv"]
[Date "2000.03.26"]
[Round "6"]
[White "De Vreugt, Dennis"]
[Black "Bykhovsky, Avigdor"]
[Result "1-0"]
[WhiteElo "2498"]
[BlackElo "2467"]
[Annotator "Blatny,P"]
[PlyCount "80"]
[EventDate "2000.03.??"]
[EventType "tourn"]
[EventRounds "9"]
[EventCountry "ISR"]
[EventCategory "9"]
[SourceTitle "CBM 077"]
[Source "ChessBase"]
[SourceDate "2000.07.27"]
[SourceVersion "1"]
[SourceVersionDate "2000.07.27"]
[SourceQuality "1"]

1. e4 e5 2. Nf3 Nf6 3. d4 Nxe4 4. Bd3 d5 5. Nxe5 Nd7 6. O-O Nxe5 7. dxe5 Nc5 8.
Nc3 Nxd3 9. Qxd3 (9. cxd3 Be6 10. d4 Qd7 11. Qb3 c6 12. Ne2 Be7 13. Qg3 O-O-O
14. Bg5 f6 15. exf6 gxf6 16. Bf4 h5 17. Qc3 Bd6 18. b4 $40 {Velimirovic,
D-Davidovic,A/JUG-chT Zlatibor 1989/EXT 2000/1-0 (41)}) 9... c6 10. Ne2 g6 (
10... Be7 11. Qg3 g6 12. c3 (12. Bh6 Bd7 13. Rfe1 Qb6 14. Bg5 Bxg5 15. Qxg5 Qd8
16. Qg3 Qe7 17. c3 O-O-O 18. b4 f6 19. Nd4 fxe5 20. Rxe5 Qf7 21. Rae1 $14 {
Gabor-Kalman/cr H 1983/FatBase 98/1-0 (34)}) 12... O-O 13. Bh6 Re8 14. f4 Bf5
15. Rad1 Qd7 16. h3 Rad8 17. Nd4 c5 18. Nxf5 Qxf5 19. Qf3 Qe6 20. Rd2 Rd7 21.
Qg4 f5 22. Qg3 {1/2-1/2 Adams,M-Petrovic,P/Paris A 1989}) (10... Bc5 11. Qg3
Kf8 12. Bg5 Be7 13. Bxe7+ Qxe7 14. Nd4 h5 15. f4 h4 16. Qc3 c5 17. Nb5 d4 18.
Qf3 h3 19. g3 Rb8 20. Nd6 $36 {Minasian,A-Ippolito,D/World op Philadelphia
1999/EXT 2000/1-0 (47)}) 11. Qg3 Bg7 12. Nf4 (12. Bg5 Qb6 13. Bf6 Bxf6 14. exf6
Be6 $11 (14... Qxb2 $4 15. Qd6 $18) 15. Qd6 Qd8 $15) 12... O-O (12... Bxe5 $6
13. Re1 f6 14. Nd3 $16) 13. Nh5 gxh5 14. Bh6 Bg4 15. Bxg7 Kxg7 16. f3 Qg5 17.
h3 (17. fxg4 Qxg4 18. Rf3 Qxg3 19. Rxg3+ Kh8 $11) 17... Rae8 18. Rae1 f5 (18...
Re6 19. fxg4 hxg4 20. Rf4 h5 21. hxg4 h4 $132) 19. exf6+ Qxf6 20. fxg4 h4 21.
Qc7+ (21. Rxf6 $2 hxg3 22. Rff1 Rxe1 23. Rxe1 Rf2 $17) 21... Rf7 22. Qxf7+ Qxf7
23. Rxf7+ Kxf7 24. Rxe8 Kxe8 25. Kf2 $16 Ke7 26. g3 hxg3+ 27. Kxg3 Kf6 28. Kf4
h6 (28... a5 29. h4 $14) 29. h4 c5 30. a4 b6 31. g5+ hxg5+ 32. hxg5+ Kg6 33. c3
d4 34. cxd4 cxd4 35. Ke4 Kxg5 36. Kxd4 Kf4 37. b4 Kf3 38. b5 Ke2 39. Kd5 Kd3
40. Kc6 Kc4 1-0

[Event "Capablanca Memorial Premier 33rd"]
[Site "Havana"]
[Date "1998.05.14"]
[Round "7"]
[White "Herrera, Irisberto"]
[Black "Rivera, Alberto"]
[Result "1-0"]
[WhiteElo "2445"]
[BlackElo "2415"]
[Annotator "Blatny,P"]
[PlyCount "41"]
[EventDate "1998.05.07"]
[EventType "tourn"]
[EventRounds "13"]
[EventCountry "CUB"]
[EventCategory "8"]
[SourceTitle "CBM 065"]
[Source "ChessBase"]
[SourceDate "1998.08.06"]
[SourceVersion "1"]
[SourceVersionDate "1998.08.06"]
[SourceQuality "1"]

1. e4 e5 2. Nf3 Nf6 3. d4 Nxe4 4. Bd3 d5 5. Nxe5 Bd6 6. O-O O-O 7. c4 c6 8. Nc3
Nf6 (8... Bxe5 9. dxe5 Qh4 10. Nxe4 dxe4 11. g3 Qg4 12. Qxg4 Bxg4 13. Bxe4 Be2
14. Re1 Bxc4 15. b3 Bd5 16. Ba3 Rd8 17. Rad1 Rd7 18. Bxd5 {Erneste,I-Lammi,J/
Helsinki op 1992/CBM 32/1-0 (45)}) (8... f6 9. Nf3 Nxc3 10. bxc3 dxc4 11. Bxc4+
Kh8 12. h3 Nd7 13. Bd3 f5 14. Qc2 Nb6 15. c4 c5 16. d5 Bd7 17. Bb2 Na4 18. Be5
{Ponomariov,R-Getmanchuk,A/Yalta op 1995/EXT 95op/1-0 (48)}) 9. Bg5 dxc4 10.
Bxc4 Nbd7 11. Re1 Nb6 {[%csl Gc5,Gd4,Rd5,Ge5][%cal Rb6d5,Rf6d5,Rd8d5,Rd5d4]}
12. Bb3 Be7 $14 (12... Be6 13. Bc2) 13. Qf3 a5 (13... Qxd4 14. Nxf7 Qb4 15.
Ne5+ Kh8 16. Rad1 $18) 14. a4 Ra6 (14... Qxd4 15. Nxf7 $1 Bc5 16. Bxf6 Qxf6 17.
Qxf6 gxf6 18. Ne4 $14) 15. Rad1 Bd7 (15... Bb4 $5 $14) 16. Bc2 (16. d5 $5 cxd5
17. Bxd5 Nfxd5 18. Nxd7 Nxd7 19. Bxe7 (19. Qxd5 $143 Bxg5 20. Qxd7 Rb6 $14)
19... Nxe7 20. Qxb7 $16) 16... Nbd5 (16... h6 17. Bxf6 Bxf6 18. Qd3 $18 (18.
Nxd7 $143 Qxd7 (18... Nxd7 $143 19. Qe4 g6 20. d5 $11) 19. Ne4 Bxd4 $14)) 17.
Bxf6 Nxf6 18. d5 $1 Bd6 (18... c5 $5 $16) (18... cxd5 19. Nxd5 Nxd5 20. Rxd5
$18) 19. dxc6 (19. Nxd7 $6 Qxd7 20. Bf5 Qc7 $11) 19... Bxc6 (19... Rxc6 20.
Nxc6 Bxc6 21. Qd3 $18) 20. Qd3 (20. Nxc6 $6 Rxc6 21. Bd3 Qc7 $14) 20... Bc7 (
20... Qc8 21. Qxd6 Bf3 22. Qd3 Bxd1 23. Rxd1 $18 (23. Nxd1 $6 Re6 $18)) 21.
Qxa6 $1 (21. Qxa6 bxa6 22. Rxd8 Rxd8 23. Nxc6 $18) 1-0

[Event "Ciocaltea Memorial"]
[Site "Bucharest"]
[Date "2000.03.05"]
[Round "2"]
[White "Iordachescu, Viorel"]
[Black "Motylev, Alexander"]
[Result "1-0"]
[WhiteElo "2560"]
[BlackElo "2552"]
[Annotator "Blatny,P"]
[PlyCount "78"]
[EventDate "2000.03.13"]
[EventType "tourn"]
[EventRounds "13"]
[EventCountry "ROU"]
[EventCategory "10"]
[SourceTitle "CBM 077"]
[Source "ChessBase"]
[SourceDate "2000.07.27"]
[SourceVersion "1"]
[SourceVersionDate "2000.07.27"]
[SourceQuality "1"]

1. e4 e5 2. Nf3 Nf6 3. d4 Nxe4 4. Bd3 d5 5. Nxe5 Nd7 6. Nc3 Nxe5 7. dxe5 Nxc3
8. bxc3 Qh4 9. O-O (9. Be3 Ba3 (9... Be7 10. O-O O-O 11. Rb1 b6 12. f4 Bg4 13.
Be2 Bxe2 14. Qxe2 c6 15. Rf3 Qg4 16. Qd3 Qe6 17. Bd4 f5 $15 {Halasz,C-Horvath,
L/HUN-chT2 1998/EXT 99/0-1 (40)}) 10. Rb1 O-O 11. O-O b6 12. Qd2 c6 13. Bg5 Qh5
14. Rb3 Bc5 15. c4 h6 16. Bf4 dxc4 17. Bxc4 Bf5 18. Be2 Qh4 $13 {Tronhjem,
T-Morgado,J/Lewkowitz Memorial B 1994/0-1 (34)}) 9... Bg4 10. Qd2 Bd7 11. Qe3 (
11. Rb1 b6 12. Qe2 Be7 13. f4 Qg4 14. Qxg4 Bc5+ 15. Kh1 Bxg4 16. f5 g6 17. Bb5+
Kf8 18. Bh6+ Kg8 19. Bc6 Rb8 20. Bxd5 $40 {1-0 Blauert,J-Federau,J/GER 1992/})
11... b6 (11... c6 12. Rb1 b6 $13) 12. a4 (12. Qd4 Qxd4 13. cxd4 $11) 12... Bc5
13. Qf3 c6 (13... Bxa4 $2 14. g3 $1 (14. Qxd5 $6 O-O $16) 14... Qd8 15. Rxa4
$18) 14. a5 O-O 15. Be3 Qg4 (15... f6 16. Bxc5 bxc5 17. e6 Bxe6 18. Qe3 $13)
16. Qxg4 Bxg4 17. Bd4 Bxd4 (17... Rfb8 18. Rfb1 $11) 18. cxd4 c5 19. c3 f6 (
19... cxd4 20. cxd4 Rac8 21. axb6 axb6 22. f3 $14) 20. f3 Bh5 21. Rfe1 Rae8 (
21... cxd4 22. cxd4 Rfc8 23. Bf5 $14) 22. axb6 axb6 23. f4 (23. e6 Re7) 23...
fxe5 24. fxe5 c4 {[%csl Yb6,Gc3,Rc4,Gd4,Rd5,Ge5,Re6]} (24... cxd4 25. cxd4 Rf4
26. Ra4 $14) 25. Bc2 $16 (25. Be2 Bxe2 26. Rxe2 Ra8 $16) 25... Ra8 26. Reb1
Rxa1 27. Rxa1 b5 28. Rb1 Ra8 (28... Be8 29. Bd1 $16) 29. Rxb5 Ra3 (29... Be8
30. Rb2 (30. Rxd5 $4 Ra1+ 31. Kf2 Ra2 $19) 30... Ra3 31. Rb8 Kf7 32. Bxh7 Rxc3
33. Rd8 Bc6 34. Rd6 Rc1+ 35. Kf2 $18) 30. Rb8+ (30. Rxd5 Ra1+ $1 31. Kf2 Ra2
$17) 30... Kf7 31. Bxh7 Rxc3 32. Bg8+ Kg6 33. Bxd5 Kg5 34. Rc8 Kf4 35. Rxc4 $18
(35. Bxc4 $6 Rc1+ 36. Kf2 Rc2+) 35... Rd3 36. h3 (36. g3+ Ke3 37. h4 Rd1+ 38.
Kh2 Rd2+ 39. Kh3 $18) 36... Kg3 37. Rc1 (37. Bf3 $140 $4 Bxf3 38. gxf3 Rd1#)
37... Rxd4 38. Bc6 (38. Rc3+ Kf4 39. Bb3 {[%cal Rf4e5,Gc3c5,Gc5h5]}) 38... Bf7
(38... Rd3 39. Re1 $18) 39. Rc3+ Kh4 (39... Kf4 40. Rf3+ $18) 1-0